000 00372pam a2200157a 44500
008 230515b2013 xxu||||| |||| 00| 0 eng d
020 _a9788187433545
041 _aENGLISH
082 _a0
100 _aRAMAMRUTHAMS/NARAYANAN R.
245 _aSTRENGTH OF MATERIALS
250 _a2014
260 _aPUNE
_bDHANPAT RAI & CO
_c2013
300 _a1383P
650 _aNULL
999 _c608467
_d608467